| 000 | 00381nam a2200157Ia 4500 | ||
|---|---|---|---|
| 008 | 230524s9999 xx 000 0 und d | ||
| 082 |
_a530 _bTAN |
||
| 100 | _aO.P.Tandon | ||
| 245 | 0 | _aInorganic Chemistry for Competition | |
| 250 | _a7TH | ||
| 260 |
_aNEW DELHI _bG.R.Bathla _c2006 |
||
| 300 | _aXII;861 | ||
| 500 | _aQuantity Number: 2 | ||
| 650 | _aChemistry | ||
| 942 | _cBK | ||
| 999 |
_c35487 _d35487 |
||